MASTER TECHNIQUES IN ORTHOPAEDIC SURGERY : THE HIP / (Record no. 795621)

MARC details
000 -LEADER
fixed length control field 00540pam a2200193 a 4500
020 ## - INTERNATIONAL STANDARD BOOK NUMBER
International Standard Book Number 0781746345
Terms of availability 9751.00
041 ## - LANGUAGE CODE
Language code of text/sound track or separate title eng
Language code of original NULL
082 ## - DEWEY DECIMAL CLASSIFICATION NUMBER
Classification number 617.581059
Item number DAR/ROS
100 ## - MAIN ENTRY--PERSONAL NAME
Personal name BARRACK, R .
245 ## - TITLE STATEMENT
Title MASTER TECHNIQUES IN ORTHOPAEDIC SURGERY : THE HIP /
Statement of responsibility, etc. NULL.
Medium Textual Documents
250 ## - EDITION STATEMENT
Edition statement 2 /
Remainder of edition statement .
260 ## - PUBLICATION, DISTRIBUTION, ETC.
Place of publication, distribution, etc. NULL :
Name of publisher, distributor, etc. LIPPINCOTT WILLIAMS & WILKINS ,
Date of publication, distribution, etc. 2006.
300 ## - PHYSICAL DESCRIPTION
Extent 485 :
Other physical details xvii ;
Dimensions NULL .
365 ## - TRADE PRICE
Price type code 9751.00
650 ## - SUBJECT ADDED ENTRY--TOPICAL TERM
Topical term or geographic name entry element ORTHO
700 ## - ADDED ENTRY--PERSONAL NAME
Personal name ROSENBERG, A .
930 ## - EQUIVALENCE OR CROSS-REFERENCE-UNIFORM TITLE HEADING [LOCAL, CANADA]
Uniform title 1085
Holdings
Withdrawn status Lost status Damaged status Not for loan Home library Current library Date acquired Source of acquisition Cost, normal purchase price Total Checkouts Full call number Barcode Date last seen Copy number Price effective from Koha item type
        Medical College & Hospital, Sangli Medical College & Hospital, Sangli 28/11/2011 9751.00   617.581059 DAR/ROS MCS-3306 26/07/2023 1 26/07/2023 Book